000 00891nam a2200241 i 4500
001 156560
003 ES-MaACL
005 20240522063054.0
008 040802q18501870fr a |||| | fre d
040 _aCAM
_bspa
_cCAM
100 1 _aKarr, Alphonse,
_d1808-1890
_9128426
245 1 3 _aLa famille Alain /
_cpar Alphonse Karr.
260 _aParis :
_bGve. Barba,
_c[s.a.] (
_fTyp. Lacour)
300 _a64 p. :
_bil. ;
_c30 cm.
490 1 _aRomans populaires illustrés
505 8 _aContiene: La famille Alain (pp. 1-62); Une histoire de voleurs (pp. 63-64)
594 _aDatos tomados de comienzo del texto.
596 _aImp. tomado de pie de imp.
596 _aProbablemente impreso entre 1850 y 1870.
830 0 _aRomans populaires illustrés
_9182208
852 _aES-MaACL
_jR-1715(8)
_z-- Enc. hol.
_z-- Enc. en un vol. facticio
999 _c156560
_d156560